000 00982nam0a22002771 4500
001 v19\rc\1714727
005 20061002165930.5
035 _a(NLR Aleph) 004813741
090 _a4953040
_c4953040
100 _a20061002d1900 |||y0rusy50 ca
101 0 _arus
102 _aRU
105 _ay z |||||
200 1 _aУстав акционерного общества "Дукс" Ю.А. Меллера
210 _aМосква
_d1900
215 _a26 с.
_d22
532 1 0 _aУстав акционерного общества Дукс Юлия Александровича Меллера
702 1 _aМеллер
_bЮ. А.
_gЮлий Александрович
_4570
710 0 2 _a"Дукс", акционерное о-во Ю.А.Меллера
_cМосква
_3RU\NLR\AUTH\889959552
801 0 _aRU
_bNLR
_gpsbo
801 0 _aRU
_bRuMoRGB
_2psbo
801 1 _aRU
_bProSoft-M
_2rusmarc
852 _aNLR
_j18.136.5.121
899 _aRuMoRGB
_jE 102/224
942 _cBOOK
980 _aNB